000 00938cam a22002897a 4500
003 CHAP
005 20220329134014.0
008 971013s1961 r 00010 d
010 _a13963
011 _a14935
035 _a19009
040 _cCHAP
090 _aFolleto 2416
100 0 0 _aGonzález Gallardo, Alfonso.
_948916
245 1 3 _aLa investigación de la caña de azúcar en México
260 _aMéxico, D.F. :
_bInstituto para el mejoramiento de la Producción de Azúcar,
_c(1961)
300 _as.p.
590 _aBATCH-UPD
_b10
_c20130110
_lUCH01
_h0945
590 _aBATCH-UPD
_b10
_c20130410
_lUCH01
_h0600
590 _aBATCH-UPD
_b10
_c20130914
_lUCH01
_h0834
590 _aCONVERSION
_b10
_c20130109
_lUCH01
_h1309
650 1 4 _aCaña de azúcar
_xInvestigación.
_918617
650 1 4 _aCaña de azúcar
_zMéxico.
_918668
901 _aBK
942 _cFOLL
949 _aFolleto 2416
_bBC
_cFOLL
_d-44174
_eTS1
_i19009
_mD
_si
999 _c13963
_d13963